The illustrated encyclopedia of house plants : 338 illustrations

Bibliographic Details
Main Author: Skalicka, Anna
Other Authors: Subik, Rudolf
Format: Book
Published: London : The Promotional Reprint , 1992
Subjects:

MARC

LEADER 00000cam a2200000 7i4500
001 0000002791
002 000003022
005 20000330.0
020 |a 1856480682 
090 0 0 |a 635.96503   |b SKA 
100 1 |a Skalicka, Anna 
245 1 4 |a The illustrated encyclopedia of house plants :   |b 338 illustrations   |c Anna Skalicka and Rudolf Subik 
260 |a London :   |b The Promotional Reprint ,   |c 1992 
300 |a 350p. :   |b ill ;   |c 23cm. 
650 0 0 |a Houseplants   |x Encyclopedias 
700 1 |a Subik, Rudolf 
999 |a 036394   |b BUKU   |c RUJUKAN   |e PERPUSTAKAAN KOMUNITI PETALING JAYA